| 000 | 01050nam0a2200301 4500 | ||
|---|---|---|---|
| 001 | RU\NLR\BIBL_A\011927703 | ||
| 005 | 20190215153743.0 | ||
| 010 |
_a978-5-00112-212-8 _95000 |
||
| 021 |
_aRU _bКН-П-18-101381 _9КН-П-18-7346 |
||
| 035 | _a(NLR Aleph) 011927703 | ||
| 035 | _a(RuMoRGB)009852156 | ||
| 090 |
_a11021603 _c11021603 |
||
| 100 | _a20190205d2019 a y0rusy50 ca | ||
| 101 | 1 |
_arus _cfre |
|
| 102 | _aRU | ||
| 105 | _ay|||zzzz0|0ay | ||
| 200 | 1 |
_aБоги жаждут _eроман _fАнатоль Франс _gперевод с французского Б. Лившица |
|
| 210 |
_aМосква _cВремя _d2019 [т. е. 2018] |
||
| 215 |
_a287 с. _d17 |
||
| 225 | 1 | _aПроверено временем | |
| 300 | _aКн. фактически изд. в 2018 г. | ||
| 686 | 1 | _aШ6(4Фр)57-440.4{Лх1647-50} | |
| 700 | 1 |
_aФранс _bА. _f1844-1924 _gАнатоль _3RU\NLR\AUTH\7716506 |
|
| 942 | _cBOOK | ||
| 980 | _aNBR | ||
| 980 | _aNB | ||